| 000 | 00489nam a2200145 4500 | ||
|---|---|---|---|
| 999 |
_c10999 _d10999 |
||
| 008 | 181003b ||||| |||| 00| 0 eng d | ||
| 022 | _a2094-8042 | ||
| 082 | _aDPer 370.105 M72 Jan-Dec 2011 v59-60 | ||
| 100 |
_931929 _aPaguia, Dolores M. |
||
| 245 |
_aWhat every parent should consider/ _cDolores M. Paguia. |
||
| 260 |
_aPhilippines: _bIn the Grade School, Inc., _cc2011. |
||
| 300 |
_av60 n7, pages 272-274: _billustrations; _c27cm. |
||
| 650 | 0 |
_931930 _aParenting. |
|
| 942 |
_2ddc _cPER |
||